00766 2200205 4500001002100000005001500021035002000036008004100056245009500097100002100192250000600213260004100219300001200260020002200272084001400294520022200308082000800530650001000538990001200548INLIS00000000000003920240711093953 a0010-0424000015240711 1 ind 1 aCinta Tak Kemana ( Untuk Apa Mencari-cari Jika Sudah Ada Dalam Hatimu ) /cIma Nurcahyanti aNurcahyanti, Ima a1 aYogyakarta :bMedia Pressindo,c2013 a240 hlm a978-979-911-265-1 a813 Ima c aAku pernah memendam rasa meski hati tak kuat menampungnya. Berkali-kali menyangkali hadirnya supaya kamu bahagia. Atau berpura-pura memberi mereka kesempatan. Mungkin aku lupa, cinta selalu menuntut untuk dibahasakan. a813 4aFiksi a0737342